English phraseology in practice

Bibliographic Details
Main Author: Kvetko, Pavol, 1940- (Author)
Format: Book
Language:English
PhysicalDescription:129 s. 21 cm
Published: Trnava Univerzita sv. Cyrila a Metoda, Filozofická fakulta 2013
ISBN:9788081054587
Edition:1st ed.
Subjects:

MARC

LEADER 00000nam a22000005a 4500
001 vtls010514504
003 SK-MaSNL
005 20260426002716.0
008 240314s2013 xo e 000 0 eng
015 |a SNBA2013/06 
020 |a 9788081054587  |q (brož.) 
035 |a 09C9CD78-DD91-4DC7-96ED-4F148BB87533 
035 |a urn:nbn:sk:snk-amjnfm 
035 |a urn:nbn:sk:snk-am001tcg 
040 |a SNK  |b slo  |c SNK  |e AACR2 
041 0 |a eng  |b slo 
044 |a xo  |c SK 
072 7 |a 81  |x Lingvistika. Jazyky  |2 konspekt 
072 7 |a 811.111  |x Angličtina  |2 konspekt 
080 |a 811.111  |2 2001 
080 |a 81'373.7  |2 2001 
080 |a (075.8)  |2 2001 
100 1 |a Kvetko, Pavol,  |d 1940-  |4 aut  |9 11033 
245 1 0 |a English phraseology in practice  |c Pavol Kvetko 
250 |a 1st ed. 
260 |a Trnava  |b Univerzita sv. Cyrila a Metoda, Filozofická fakulta  |c 2013 
300 |a 129 s.  |c 21 cm 
366 |e 200 výt. 
504 |a Bibliogr.: s. 118-128 
546 |a Res. slov. 
650 0 7 |a angličtina  |2 SNKPH  |9 1260 
650 0 7 |a frazeológia  |2 SNKPH  |9 1507 
650 0 7 |a English language  |2 SNKPHeng  |9 279139 
650 0 7 |a Phraseology  |2 SNKPHeng  |9 283772 
655 7 |a učebnice vysokých škôl  |2 SNKPH  |9 70191 
655 7 |a Textbooks (higher)  |2 SNKPHeng  |9 276436 
852 |a Štátna vedecká knižnica v Banskej Bystrici 
919 |a 978-80-8105-458-7 
958 |a NB 
999 |c 925352  |d 927282 
952 |a SNK  |b SNK  |y PREZ  |7 0  |p 17A1071297  |o snkSC 154655  |i snk2013/12152  |8 0  |0 0  |1 0  |4 0  |d 2013-05-28  |l 0  |r 2025-07-24 00:00:00  |w 2026-02-24 
952 |a SNK  |b SNK  |y VYP  |7 0  |p 17A1071296  |o snkSC 154655 D1  |i snk2013/12153  |8 0  |0 0  |1 0  |4 0  |d 2013-05-28  |f 1  |l 0  |r 2026-02-24 08:30:12  |w 2026-02-24